Представление документа в формате RUSMARC

ПолеНазваниеЗначение
  Тип записи a
  Библиографический уровень m
001 Контрольный номер RU/SLIB/B/208710631
005 Дата корректировки 20241129122404.0
010 Индекс ISBN __
a ISBN 5-86095-100-0
d Цена 95-00; 83-20
101 Язык документа 0_
a Язык текста rus
c Язык оригинала rus
200 Заглавие и сведения об ответственности 0_
a Заглавие Власть и судьба...Личные судьбы правителей Кремля от его основания до наших дней
f Первые сведения об ответственности С. Шульман
b Общее обозначение материала Текст
210 Выходные данные 1_
a Место издания М.
c Издательство Остожье
d Дата издания 1998
215 Физическое описание __
a Объем 464 с.
c Иллюстрации/тип воспроизводства ил.
320 Библиография __
a Библиография Библиогр.: с. 458-462
330 Аннотация __
a Аннотация Даны персональные портреты всех ключевых фигур российского государства, обитавших в Кремле от его основания до наших дней.
600 Персоналии _1
a Персоналии (Фамилия) Годунов, Б.
c Дополнение к имени русский царь
f Даты ок. 1552-1605
g Полное имя Борис
600 Персоналии _1
a Персоналии (Фамилия) Борис Годунов
600 Персоналии _1
a Персоналии (Фамилия) Иван
c Дополнение к имени князь московский; князь Всея Руси; царь русский
f Даты 1530-1584
600 Персоналии _1
a Персоналии (Фамилия) Иван Грозный
600 Персоналии _1
a Персоналии (Фамилия) Иван
c Дополнение к имени князь московский; князь владимирский
f Даты до 1296-1340
600 Персоналии _1
a Персоналии (Фамилия) Иван Калита
600 Персоналии _1
a Персоналии (Фамилия) Ленин, В. И.
c Дополнение к имени политический деятель России; Ульянов В. И.
f Даты 1870-1924
g Полное имя Владимир Ильич
600 Персоналии _1
a Персоналии (Фамилия) Лжедмитрий
c Дополнение к имени царь-самозванец
f Даты ?1606
600 Персоналии _1
a Персоналии (Фамилия) Николай
c Дополнение к имени император российский
f Даты 1796-1855
600 Персоналии _1
a Персоналии (Фамилия) Петр
c Дополнение к имени царь русский; император российский
f Даты 1672-1725
600 Персоналии _1
a Персоналии (Фамилия) Петр Великий
600 Персоналии _1
a Персоналии (Фамилия) Романовы
600 Персоналии _1
a Персоналии (Фамилия) Сталин, И. В.
c Дополнение к имени политический деятель России; государственный деятель России
f Даты 1879-1953
g Полное имя Иосиф Виссарионович
600 Персоналии _1
a Персоналии (Фамилия) Хрущев, Н. С.
c Дополнение к имени государственный деятель России; политический деятель России
f Даты 1894-1971
g Полное имя Никита Сергеевич
600 Персоналии _1
a Персоналии (Фамилия) Брежнев, Л. И.
c Дополнение к имени государственный деятель России; партийный деятель России
f Даты 1906-1982
g Полное имя Леонид Ильич
600 Персоналии _1
a Персоналии (Фамилия) Андропов, Ю. В.
c Дополнение к имени политический деятель России; государственный деятель России
f Даты 1914-1984
g Полное имя Юрий Владимирович
600 Персоналии _1
a Персоналии (Фамилия) Черненко, К. У.
c Дополнение к имени государственный деятель России; политический деятель России
f Даты 1911-1985
g Полное имя Константин Устинович
600 Персоналии _1
a Персоналии (Фамилия) Горбачев, М. С.
c Дополнение к имени государственный деятель России; политический деятель России
f Даты 1931
g Полное имя Михаил Сергеевич
600 Персоналии _1
a Персоналии (Фамилия) Ельцин, Б. Н.
c Дополнение к имени президент России
f Даты 1931-2007
g Полное имя Борис Николаевич
601 Наименование организации как предмет 02
a Наименование организации как предмет Московский Кремль
606 Тематические рубрики __
a Основная рубрика История
y Географическая подрубрика Россия
606 Тематические рубрики __
a Основная рубрика История России в целом
606 Тематические рубрики __
a Основная рубрика Политика. Политология
606 Тематические рубрики __
a Основная рубрика Политические движения и партии в целом
606 Тематические рубрики __
a Основная рубрика Современное политическое положение Российской Федерации
610 Ключевые слова 0_
a Ключевые слова биографии; исторические деятели; политические деятели; власть; судьба; биографии; цари; императоры; президенты; политбюро; руководители; культ личности; персоналии
686 Индексы других классификаций __
2 Код системы rubbks
a Классификационный индекс 63.3(2)
686 Индексы других классификаций __
a Классификационный индекс 66.61(2),8
686 Индексы других классификаций __
a Классификационный индекс 66.3(2Рос),8 ; ст63.3(2) + ст66.61(2) + ст66.3(2Рос)8
700 Автор _1
a Фамилия Шульман
b Имя С.
4 Код отношения 070
801 Источник записи _0
a Страна RU
b Организация Муниципальное бюджетное учреждение культуры "Централизованная библиотечная система" г. Сургут (Центральная городская библиотека им. А. С. Пушкина)
g Правила каталогизации КиК/Тесленко
801 Источник записи _1
a Страна RU
b Организация Муниципальное бюджетное учреждение культуры "Централизованная библиотечная система" г. Сургут (Центральная городская библиотека им. А. С. Пушкина)
g Правила каталогизации КиК/Тесленко
852 Данные о местонахождении __
j Шифр хранения 63.3(2)
c Каталожный индекс 63.3(2); 66.61(2)8; 66.3(2Рос)8
i Авторский знак Ш 95
p Инвентарный номер 70489
901 Тип документа __
t Тип документа m
903 Характеристики (МАРС) __
a Дата передачи 20021217; 19990111
990 Данные о заказе (DOS) 00
j Количество экземпляров (DOS) 2; 2
t N записи в КСУ для И/У (DOS) 200301; 199801